| 000 | 00386nam a2200157Ia 4500 | ||
|---|---|---|---|
| 003 | LK-CoDNM | ||
| 008 | 010623t1928 xxu||||| |||| 00| 1 eng d | ||
| 040 |
_aLK-CoDNM _dLK-CoDNM _eLK-CoDNM |
||
| 041 | _aeng | ||
| 080 | _a20 G 27 | ||
| 245 | _aPlate's Ceylon annual,1928 | ||
| 260 |
_bPlate Ltd _aColpetty _c1928 |
||
| 300 | _b78p,ill,pl., 26 cm | ||
| 650 | _aKowloon City | ||
| 942 | _cBK | ||
| 999 |
_c94332 _d94332 |
||